<?xml version="1.0" encoding="UTF-8"?>
<record
    xmlns:xsi="http://www.w3.org/2001/XMLSchema-instance"
    xsi:schemaLocation="http://www.loc.gov/MARC21/slim http://www.loc.gov/standards/marcxml/schema/MARC21slim.xsd"
    xmlns="http://www.loc.gov/MARC21/slim">

  <leader>00523nam a22001931a 4500</leader>
  <controlfield tag="003">NEGST</controlfield>
  <controlfield tag="005">20170411020004.0</controlfield>
  <controlfield tag="008">030627s1995    miu           001 0 eng d</controlfield>
  <datafield tag="020" ind1=" " ind2=" ">
    <subfield code="a">0801052726</subfield>
  </datafield>
  <datafield tag="100" ind1="1" ind2=" ">
    <subfield code="a">Gregory, John Milton,</subfield>
    <subfield code="d">1822 - 1898.</subfield>
  </datafield>
  <datafield tag="245" ind1="1" ind2="4">
    <subfield code="a">The 7 (seven) laws of teaching /</subfield>
    <subfield code="c">John Milton Gregory.</subfield>
    <subfield code="h">[Text]</subfield>
  </datafield>
  <datafield tag="250" ind1=" " ind2=" ">
    <subfield code="a">rev. ed.</subfield>
  </datafield>
  <datafield tag="260" ind1=" " ind2=" ">
    <subfield code="a">Grand Rapids, Mich.</subfield>
    <subfield code="b">Baker Books</subfield>
    <subfield code="c">1995</subfield>
  </datafield>
  <datafield tag="300" ind1=" " ind2=" ">
    <subfield code="a">128p.;</subfield>
  </datafield>
  <datafield tag="590" ind1=" " ind2=" ">
    <subfield code="a">Accession number: 22169</subfield>
  </datafield>
  <datafield tag="650" ind1=" " ind2="0">
    <subfield code="a">Teaching.</subfield>
  </datafield>
  <datafield tag="942" ind1="0" ind2="0">
    <subfield code="0">13</subfield>
  </datafield>
  <datafield tag="999" ind1=" " ind2=" ">
    <subfield code="c">35007</subfield>
    <subfield code="d">35007</subfield>
  </datafield>
  <datafield tag="952" ind1=" " ind2=" ">
    <subfield code="0">0</subfield>
    <subfield code="1">0</subfield>
    <subfield code="2">lcc</subfield>
    <subfield code="4">0</subfield>
    <subfield code="7">0</subfield>
    <subfield code="8">GEN</subfield>
    <subfield code="a">CPL</subfield>
    <subfield code="b">CPL</subfield>
    <subfield code="c">GEN</subfield>
    <subfield code="d">2009-12-02</subfield>
    <subfield code="g">7.99</subfield>
    <subfield code="l">18</subfield>
    <subfield code="o">LB 1025.G83 1995</subfield>
    <subfield code="p">R13515N3232</subfield>
    <subfield code="r">2024-05-31 11:57:05</subfield>
    <subfield code="s">2024-05-09</subfield>
    <subfield code="t">1</subfield>
    <subfield code="w">2009-12-02</subfield>
    <subfield code="y">BK</subfield>
  </datafield>
</record>
